| 000 | 00498nam a2200169 a 4500 | ||
|---|---|---|---|
| 001 | 000025626 | ||
| 005 | 20200930023927.0 | ||
| 008 | 110218s1995 mx abc r 000 0 spa d | ||
| 020 | _a9686434380 | ||
| 040 |
_aDO-SdBNP _bspa _cBNPHU |
||
| 082 |
_axxxxx _bM467h |
||
| 245 | 0 | 4 |
_aLos mayas : _bhistoria, arte, arqueología / _ctextos Susana Vogel. |
| 260 |
_aMéxico, D. F. : _bMonclem, _c1995. |
||
| 300 |
_a47 p. : _bil., mapas., diagrs. ; _c22 cm. |
||
| 700 | 1 |
_aVogel, Susana _952325 |
|
| 049 | _aBNGR | ||
| 999 |
_c25118 _d25118 |
||